[Event "European Chess Club Cup 2023"]
[Site "Durres, Albania"]
[Date "2023.10.05"]
[Round "5.58"]
[White "Gokerkan, Cem Kaan"]
[Black "Luque Saiz, Andres"]
[Result "1-0"]
[TimeControl "90' + 30' & 30\""]
[WhiteElo "2515"]
[BlackElo "2339"]

1. e4 {[%clk 01:30:57]} {[%emt 00:00:01]} d6 {[%clk 01:30:42]} {[%emt
00:00:19]} 2. d4 {[%clk 01:31:16]} {[%emt 00:00:11]} Nf6 {[%clk 01:30:46]}
{[%emt 00:00:26]} 3. Nc3 {[%clk 01:29:22]} {[%emt 00:02:24]} e5 {[%clk
01:31:10]} {[%emt 00:00:06]} 4. Nf3 {[%clk 01:29:39]} {[%emt 00:00:13]} Nbd7
{[%clk 01:31:31]} {[%emt 00:00:09]} 5. g3 {[%clk 01:27:16]} {[%emt 00:02:53]}
Be7 {[%clk 01:30:59]} {[%emt 00:01:02]} 6. Bg2 {[%clk 01:27:41]} {[%emt
00:00:06]} O-O {[%clk 01:28:47]} {[%emt 00:02:42]} 7. O-O {[%clk 01:28:05]}
{[%emt 00:00:05]} c6 {[%clk 01:28:49]} {[%emt 00:00:28]} 8. a4 {[%clk
01:28:13]} {[%emt 00:00:21]} Re8 {[%clk 01:26:50]} {[%emt 00:02:30]} 9. Re1
{[%clk 01:28:19]} {[%emt 00:00:24]} Qc7 {[%clk 01:26:08]} {[%emt 00:01:12]} 10.
h3 {[%clk 01:25:43]} {[%emt 00:03:05]} Nf8 {[%clk 01:25:10]} {[%emt 00:01:28]}
11. Be3 {[%clk 01:21:16]} {[%emt 00:04:57]} b6 {[%clk 01:22:20]} {[%emt
00:03:21]} 12. Qd3 {[%clk 01:08:07]} {[%emt 00:13:38]} Bb7 {[%clk 01:19:20]}
{[%emt 00:03:31]} 13. Qc4 {[%clk 00:59:15]} {[%emt 00:09:22]} h6 {[%clk
00:57:55]} {[%emt 00:21:56]} 14. Nh4 {[%clk 00:51:39]} {[%emt 00:08:05]} Ne6
{[%clk 00:56:15]} {[%emt 00:02:10]} 15. Nf5 {[%clk 00:51:17]} {[%emt 00:00:52]}
Bf8 {[%clk 00:56:03]} {[%emt 00:00:42]} 16. Qd3 {[%clk 00:45:14]} {[%emt
00:06:33]} Rad8 {[%clk 00:44:07]} {[%emt 00:12:26]} 17. d5 {[%clk 00:43:37]}
{[%emt 00:02:06]} cxd5 {[%clk 00:38:21]} {[%emt 00:06:17]} 18. exd5 {[%clk
00:43:56]} {[%emt 00:00:11]} Nc5 {[%clk 00:38:19]} {[%emt 00:00:31]} 19. Qd1
{[%clk 00:40:47]} {[%emt 00:03:40]} Na6 {[%clk 00:31:56]} {[%emt 00:06:53]} 20.
Nb5 {[%clk 00:39:15]} {[%emt 00:02:02]} Qd7 {[%clk 00:30:30]} {[%emt 00:01:56]}
21. g4 {[%clk 00:38:40]} {[%emt 00:01:04]} Bc8 {[%clk 00:26:22]} {[%emt
00:04:39]} 22. Ng3 {[%clk 00:37:50]} {[%emt 00:01:20]} Qb7 {[%clk 00:21:48]}
{[%emt 00:05:03]} 23. c4 {[%clk 00:33:32]} {[%emt 00:04:49]} Bd7 {[%clk
00:18:53]} {[%emt 00:03:26]} 24. Nc3 {[%clk 00:30:13]} {[%emt 00:03:48]} Qc7
{[%clk 00:18:00]} {[%emt 00:01:23]} 25. Bf1 {[%clk 00:29:49]} {[%emt 00:00:54]}
Nc5 {[%clk 00:13:53]} {[%emt 00:04:36]} 26. b4 {[%clk 00:29:59]} {[%emt
00:00:20]} Nb7 {[%clk 00:14:16]} {[%emt 00:00:08]} 27. Nb5 {[%clk 00:29:01]}
{[%emt 00:01:28]} Qb8 {[%clk 00:14:11]} {[%emt 00:00:35]} 28. Qf3 {[%clk
00:23:26]} {[%emt 00:06:04]} Nh7 {[%clk 00:11:22]} {[%emt 00:03:19]} 29. Bd3
{[%clk 00:22:18]} {[%emt 00:01:36]} Ng5 {[%clk 00:11:19]} {[%emt 00:00:36]} 30.
Qg2 {[%clk 00:22:02]} {[%emt 00:00:46]} Nh7 {[%clk 00:09:21]} {[%emt 00:02:28]}
31. Nc3 {[%clk 00:18:16]} {[%emt 00:04:16]} Rc8 {[%clk 00:08:51]} {[%emt
00:01:00]} 32. Rab1 {[%clk 00:17:31]} {[%emt 00:01:14]} Qc7 {[%clk 00:08:33]}
{[%emt 00:00:48]} 33. Nb5 {[%clk 00:17:56]} {[%emt 00:00:06]} Qb8 {[%clk
00:08:33]} {[%emt 00:00:30]} 34. h4 {[%clk 00:13:27]} {[%emt 00:04:58]} Be7
{[%clk 00:01:40]} {[%emt 00:07:23]} 35. g5 {[%clk 00:12:04]} {[%emt 00:01:53]}
hxg5 {[%clk 00:00:59]} {[%emt 00:01:12]} 36. hxg5 {[%clk 00:11:35]} {[%emt
00:00:59]} g6 {[%clk 00:01:07]} {[%emt 00:00:22]} 37. Ne4 {[%clk 00:11:48]}
{[%emt 00:00:16]} Kg7 {[%clk 00:00:46]} {[%emt 00:00:51]} 38. f4 {[%clk
00:11:13]} {[%emt 00:01:05]} Bf5 {[%clk 00:00:48]} {[%emt 00:00:29]} 39. Nbc3
{[%clk 00:10:10]} {[%emt 00:01:32]} Qc7 {[%clk 00:00:53]} {[%emt 00:00:25]} 40.
Qg3 {[%clk 00:10:04]} {[%emt 00:00:36]} Bf8 {[%clk 00:00:36]} {[%emt 00:00:48]}
41. Rb2 {[%clk 00:09:44]} {[%emt 00:00:49]} Be7 {[%clk 00:26:04]} {[%emt
00:05:02]} 42. Rh2 {[%clk 00:34:08]} {[%emt 00:06:06]} Rh8 {[%clk 00:23:21]}
{[%emt 00:03:14]} 43. fxe5 {[%clk 00:33:53]} {[%emt 00:00:44]} dxe5 {[%clk
00:23:30]} {[%emt 00:00:21]} 44. Nb5 {[%clk 00:33:42]} {[%emt 00:00:41]} Qb8
{[%clk 00:16:08]} {[%emt 00:07:52]} 45. d6 {[%clk 00:33:12]} {[%emt 00:00:59]}
Bxe4 {[%clk 00:16:12]} {[%emt 00:00:27]} 46. Qxe5+ {[%clk 00:33:19]} {[%emt
00:00:23]} Kg8 {[%clk 00:16:17]} {[%emt 00:00:26]} 47. Bxe4 {[%clk 00:30:06]}
{[%emt 00:03:43]} Nxd6 {[%clk 00:10:02]} {[%emt 00:06:45]} 48. Bd4 {[%clk
00:28:20]} {[%emt 00:02:15]} Bf6 {[%clk 00:08:56]} {[%emt 00:01:36]} 49. gxf6
{[%clk 00:28:41]} {[%emt 00:00:09]} Nxe4 {[%clk 00:07:16]} {[%emt 00:02:10]} 50.
Qxb8 {[%clk 00:28:34]} {[%emt 00:00:37]} Rxb8 {[%clk 00:07:42]} {[%emt
00:00:04]} 51. Rxe4 {[%clk 00:29:00]} {[%emt 00:00:04]} Ng5 {[%clk 00:08:10]}
{[%emt 00:00:03]} 52. Rxh8+ {[%clk 00:29:24]} {[%emt 00:00:05]} Kxh8 {[%clk
00:08:37]} {[%emt 00:00:03]} 53. Rg4 {[%clk 00:29:23]} {[%emt 00:00:31]} 1-0

[Event "European Chess Club Cup 2023"]
[Site "Durres, Albania"]
[Date "2023.10.05"]
[Round "5.59"]
[White "Garcia Molina, Jose"]
[Black "Kilic, Eray"]
[Result "0-1"]
[TimeControl "90' + 30' & 30\""]
[WhiteElo "2216"]
[BlackElo "2432"]

1. d4 {[%clk 01:29:35]} {[%emt 00:01:25]} Nf6 {[%clk 01:30:56]} {[%emt
00:00:04]} 2. c4 {[%clk 01:29:28]} {[%emt 00:00:37]} e6 {[%clk 01:31:21]}
{[%emt 00:00:04]} 3. Nf3 {[%clk 01:29:31]} {[%emt 00:00:28]} d5 {[%clk
01:31:44]} {[%emt 00:00:08]} 4. g3 {[%clk 01:29:42]} {[%emt 00:00:19]} Be7
{[%clk 01:32:10]} {[%emt 00:00:03]} 5. Bg2 {[%clk 01:29:44]} {[%emt 00:00:28]}
O-O {[%clk 01:32:35]} {[%emt 00:00:05]} 6. O-O {[%clk 01:30:04]} {[%emt
00:00:10]} a5 {[%clk 01:33:02]} {[%emt 00:00:03]} 7. Nc3 {[%clk 01:21:03]}
{[%emt 00:09:31]} c6 {[%clk 01:32:47]} {[%emt 00:00:45]} 8. Qd3 {[%clk
01:20:06]} {[%emt 00:01:27]} b6 {[%clk 01:30:34]} {[%emt 00:02:44]} 9. b3
{[%clk 01:15:04]} {[%emt 00:05:31]} Ba6 {[%clk 01:30:59]} {[%emt 00:00:04]} 10.
a4 {[%clk 01:15:25]} {[%emt 00:00:11]} Bb4 {[%clk 01:31:25]} {[%emt 00:00:04]}
11. Bb2 {[%clk 01:08:01]} {[%emt 00:07:54]} Nbd7 {[%clk 01:31:08]} {[%emt
00:00:46]} 12. Rfd1 {[%clk 01:07:15]} {[%emt 00:01:17]} Qe7 {[%clk 01:30:44]}
{[%emt 00:00:52]} 13. e3 {[%clk 01:06:16]} {[%emt 00:01:30]} Rac8 {[%clk
01:27:54]} {[%emt 00:03:19]} 14. Rac1 {[%clk 00:57:36]} {[%emt 00:09:11]} Rfd8
{[%clk 01:23:58]} {[%emt 00:04:26]} 15. Qb1 {[%clk 00:49:54]} {[%emt 00:08:12]}
dxc4 {[%clk 01:18:13]} {[%emt 00:06:16]} 16. Bf1 {[%clk 00:49:39]} {[%emt
00:00:44]} b5 {[%clk 01:18:26]} {[%emt 00:00:17]} 17. bxc4 {[%clk 00:43:18]}
{[%emt 00:06:51]} bxc4 {[%clk 01:17:49]} {[%emt 00:01:07]} 18. Na2 {[%clk
00:41:44]} {[%emt 00:02:05]} c5 {[%clk 01:08:43]} {[%emt 00:09:36]} 19. Nd2
{[%clk 00:20:37]} {[%emt 00:21:36]} Bxd2 {[%clk 01:06:34]} {[%emt 00:02:38]} 20.
Rxd2 {[%clk 00:21:00]} {[%emt 00:00:07]} Ne5 {[%clk 01:07:04]} 21. dxe5 {[%clk
00:16:11]} {[%emt 00:05:20]} Rxd2 {[%clk 01:07:31]} {[%emt 00:00:02]} 22. Bc3
{[%clk 00:16:32]} {[%emt 00:00:09]} Ne4 {[%clk 01:07:29]} {[%emt 00:00:32]} 23.
Qxe4 {[%clk 00:13:02]} {[%emt 00:04:00]} Rxa2 {[%clk 01:07:50]} {[%emt
00:00:09]} 24. Rb1 {[%clk 00:12:53]} {[%emt 00:00:39]} Qc7 {[%clk 01:07:31]}
{[%emt 00:00:49]} 25. Bg2 {[%clk 00:10:47]} {[%emt 00:02:36]} Ra3 {[%clk
01:05:30]} {[%emt 00:02:30]} 26. Qc2 {[%clk 00:10:31]} {[%emt 00:00:47]} Rb3
{[%clk 01:05:59]} {[%emt 00:00:01]} 27. Rd1 {[%clk 00:09:27]} {[%emt 00:01:34]}
Rd8 {[%clk 01:05:43]} {[%emt 00:00:46]} 0-1

[Event "European Chess Club Cup 2023"]
[Site "Durres, Albania"]
[Date "2023.10.05"]
[Round "5.60"]
[White "Ozen, Deniz"]
[Black "Sanz Wawer, Daniel"]
[Result "1/2-1/2"]
[TimeControl "90' + 30' & 30\""]
[WhiteElo "2382"]
[BlackElo "2359"]

1. e4 {[%clk 01:30:54]} {[%emt 00:00:05]} c6 {[%clk 01:30:09]} {[%emt
00:00:52]} 2. d4 {[%clk 01:31:18]} {[%emt 00:00:06]} d5 {[%clk 01:30:34]}
{[%emt 00:00:05]} 3. Nc3 {[%clk 01:31:43]} {[%emt 00:00:05]} dxe4 {[%clk
01:30:59]} {[%emt 00:00:04]} 4. Nxe4 {[%clk 01:32:08]} {[%emt 00:00:05]} Bf5
{[%clk 01:31:26]} {[%emt 00:00:04]} 5. Ng3 {[%clk 01:32:30]} {[%emt 00:00:07]}
Bg6 {[%clk 01:31:50]} {[%emt 00:00:06]} 6. h4 {[%clk 01:32:36]} {[%emt
00:00:25]} h6 {[%clk 01:32:04]} {[%emt 00:00:16]} 7. Nf3 {[%clk 01:32:51]}
{[%emt 00:00:14]} Nd7 {[%clk 01:32:00]} {[%emt 00:00:35]} 8. h5 {[%clk
01:32:41]} {[%emt 00:00:40]} Bh7 {[%clk 01:32:25]} {[%emt 00:00:05]} 9. Bd3
{[%clk 01:33:06]} {[%emt 00:00:05]} Bxd3 {[%clk 01:32:49]} {[%emt 00:00:06]} 10.
Qxd3 {[%clk 01:33:30]} {[%emt 00:00:05]} Ngf6 {[%clk 01:32:57]} {[%emt
00:00:22]} 11. Bd2 {[%clk 01:32:17]} {[%emt 00:01:44]} e6 {[%clk 01:33:15]}
{[%emt 00:00:12]} 12. O-O-O {[%clk 01:29:39]} {[%emt 00:03:08]} Be7 {[%clk
01:32:12]} {[%emt 00:01:33]} 13. Ne4 {[%clk 01:26:14]} {[%emt 00:03:55]} Nxe4
{[%clk 01:29:03]} {[%emt 00:03:38]} 14. Qxe4 {[%clk 01:24:41]} {[%emt
00:02:04]} Nf6 {[%clk 01:29:04]} {[%emt 00:00:29]} 15. Qe2 {[%clk 01:24:30]}
{[%emt 00:00:41]} O-O {[%clk 01:25:28]} {[%emt 00:04:05]} 16. Kb1 {[%clk
00:56:07]} {[%emt 00:28:53]} Qd5 {[%clk 01:25:00]} {[%emt 00:00:58]} 17. c4
{[%clk 00:41:39]} {[%emt 00:14:59]} Qe4+ {[%clk 01:21:49]} {[%emt 00:03:40]} 18.
Qxe4 {[%clk 00:42:02]} {[%emt 00:00:07]} Nxe4 {[%clk 01:22:17]} {[%emt
00:00:03]} 19. Be3 {[%clk 00:41:56]} {[%emt 00:00:36]} Rfd8 {[%clk 01:21:16]}
{[%emt 00:01:31]} 20. Nd2 {[%clk 00:35:20]} {[%emt 00:07:05]} Nd6 {[%clk
01:11:02]} {[%emt 00:10:44]} 21. Bf4 {[%clk 00:30:24]} {[%emt 00:05:26]} b5
{[%clk 00:59:13]} {[%emt 00:12:19]} 22. c5 {[%clk 00:16:41]} {[%emt 00:14:13]}
Nf5 {[%clk 00:59:14]} {[%emt 00:00:29]} 23. Nf3 {[%clk 00:17:03]} {[%emt
00:00:09]} Bf6 {[%clk 00:57:19]} {[%emt 00:02:24]} 24. Be5 {[%clk 00:15:25]}
{[%emt 00:02:08]} Rd5 {[%clk 00:46:38]} {[%emt 00:11:11]} 25. g4 {[%clk
00:15:42]} {[%emt 00:00:13]} Ne7 {[%clk 00:46:07]} {[%emt 00:01:00]} 26. Bd6
{[%clk 00:15:30]} {[%emt 00:00:43]} Nc8 {[%clk 00:44:01]} {[%emt 00:02:55]} 27.
Be5 {[%clk 00:15:50]} {[%emt 00:00:10]} Ne7 {[%clk 00:44:27]} {[%emt 00:00:04]}
28. Bd6 {[%clk 00:16:17]} {[%emt 00:00:03]} Nc8 {[%clk 00:44:53]} {[%emt
00:00:04]} 29. Be5 {[%clk 00:16:44]} {[%emt 00:00:03]} Ne7 {[%clk 00:45:19]}
{[%emt 00:00:04]} 30. Bd6 {[%clk 00:17:12]} {[%emt 00:00:02]} Nc8 {[%clk
00:45:44]} {[%emt 00:00:05]} 1/2-1/2

[Event "European Chess Club Cup 2023"]
[Site "Durres, Albania"]
[Date "2023.10.05"]
[Round "5.61"]
[White "Haria, Ravi"]
[Black "Rodshtein, Maxim"]
[Result "0-1"]
[TimeControl "90' + 30' & 30\""]
[WhiteElo "2522"]
[BlackElo "2584"]

1. e4 {[%clk 01:30:09]} {[%emt 00:00:50]} e5 {[%clk 01:30:45]} {[%emt
00:00:16]} 2. Nf3 {[%clk 01:30:19]} {[%emt 00:00:20]} Nc6 {[%clk 01:31:08]}
{[%emt 00:00:06]} 3. Bc4 {[%clk 01:30:29]} {[%emt 00:00:21]} Bc5 {[%clk
01:31:27]} {[%emt 00:00:11]} 4. c3 {[%clk 01:29:11]} {[%emt 00:01:48]} Nf6
{[%clk 01:31:49]} {[%emt 00:00:08]} 5. d3 {[%clk 01:29:35]} {[%emt 00:00:06]}
d6 {[%clk 01:32:11]} {[%emt 00:00:08]} 6. O-O {[%clk 01:28:59]} {[%emt
00:01:06]} a5 {[%clk 01:31:59]} {[%emt 00:00:42]} 7. Re1 {[%clk 01:27:23]}
{[%emt 00:02:06]} O-O {[%clk 01:30:08]} {[%emt 00:02:21]} 8. h3 {[%clk
01:27:08]} {[%emt 00:00:44]} Ba7 {[%clk 01:28:33]} {[%emt 00:02:05]} 9. Na3
{[%clk 01:17:01]} {[%emt 00:10:38]} Ne7 {[%clk 01:27:19]} {[%emt 00:01:44]} 10.
Bg5 {[%clk 00:56:33]} {[%emt 00:20:58]} Ng6 {[%clk 01:23:24]} {[%emt 00:04:25]}
11. Nh4 {[%clk 00:54:57]} {[%emt 00:02:06]} c6 {[%clk 01:17:33]} {[%emt
00:06:22]} 12. Nxg6 {[%clk 00:50:58]} {[%emt 00:04:28]} hxg6 {[%clk 01:17:57]}
{[%emt 00:00:06]} 13. Qf3 {[%clk 00:49:40]} {[%emt 00:01:48]} Qe7 {[%clk
00:58:13]} {[%emt 00:20:14]} 14. Bb3 {[%clk 00:41:00]} {[%emt 00:09:10]} b5
{[%clk 00:54:14]} {[%emt 00:04:29]} 15. Rad1 {[%clk 00:36:41]} {[%emt
00:04:49]} a4 {[%clk 00:45:39]} {[%emt 00:09:06]} 16. Bc2 {[%clk 00:37:01]}
{[%emt 00:00:08]} Be6 {[%clk 00:39:35]} {[%emt 00:06:35]} 17. Bb1 {[%clk
00:34:09]} {[%emt 00:03:22]} Rab8 {[%clk 00:37:48]} {[%emt 00:02:17]} 18. Nc2
{[%clk 00:32:39]} {[%emt 00:02:00]} c5 {[%clk 00:37:12]} {[%emt 00:01:06]} 19.
d4 {[%clk 00:25:18]} {[%emt 00:07:51]} cxd4 {[%clk 00:36:10]} {[%emt 00:01:33]}
20. cxd4 {[%clk 00:25:32]} {[%emt 00:00:16]} b4 {[%clk 00:35:58]} {[%emt
00:00:42]} 21. d5 {[%clk 00:23:08]} {[%emt 00:02:53]} Bd7 {[%clk 00:34:36]}
{[%emt 00:01:52]} 22. Ne3 {[%clk 00:22:09]} {[%emt 00:01:28]} b3 {[%clk
00:33:54]} {[%emt 00:01:12]} 23. a3 {[%clk 00:22:00]} {[%emt 00:00:39]} Rfc8
{[%clk 00:33:09]} {[%emt 00:01:16]} 24. Bd3 {[%clk 00:21:25]} {[%emt 00:01:05]}
Bd4 {[%clk 00:28:50]} {[%emt 00:04:50]} 25. Re2 {[%clk 00:18:58]} {[%emt
00:02:56]} Rc5 {[%clk 00:26:28]} {[%emt 00:02:52]} 26. Nf1 {[%clk 00:05:55]}
{[%emt 00:13:33]} Qd8 {[%clk 00:20:16]} {[%emt 00:06:42]} 27. Nh2 {[%clk
00:03:43]} {[%emt 00:02:41]} Rbc8 {[%clk 00:18:33]} {[%emt 00:02:14]} 28. g4
{[%clk 00:02:14]} {[%emt 00:01:59]} Bb5 {[%clk 00:14:46]} {[%emt 00:04:17]} 29.
Bxb5 {[%clk 00:01:48]} {[%emt 00:00:57]} Rxb5 {[%clk 00:15:09]} {[%emt
00:00:06]} 30. Qd3 {[%clk 00:01:55]} {[%emt 00:00:23]} Rbc5 {[%clk 00:13:58]}
{[%emt 00:01:42]} 31. Nf3 {[%clk 00:00:37]} {[%emt 00:01:48]} Rc4 {[%clk
00:13:31]} {[%emt 00:00:56]} 32. Nxd4 {[%clk 00:00:36]} {[%emt 00:00:31]} Rxd4
{[%clk 00:13:55]} {[%emt 00:00:06]} 33. Qb1 {[%clk 00:01:01]} {[%emt 00:00:04]}
Qb6 {[%clk 00:12:45]} {[%emt 00:01:40]} 34. Be3 {[%clk 00:00:58]} {[%emt
00:00:33]} Qb5 {[%clk 00:10:33]} {[%emt 00:02:43]} 35. Rde1 {[%clk 00:00:35]}
{[%emt 00:00:54]} Rxe4 {[%clk 00:05:00]} {[%emt 00:06:02]} 36. g5 {[%clk
00:00:54]} {[%emt 00:00:11]} Rxe3 {[%clk 00:04:46]} {[%emt 00:00:44]} 37. Rxe3
{[%clk 00:00:48]} {[%emt 00:00:36]} Nxd5 {[%clk 00:05:11]} {[%emt 00:00:05]} 38.
Qd3 {[%clk 00:00:59]} {[%emt 00:00:19]} Qc6 {[%clk 00:04:02]} {[%emt 00:01:39]}
39. Re4 {[%clk 00:00:47]} {[%emt 00:00:43]} Nf4 {[%clk 00:04:18]} {[%emt
00:00:13]} 40. Qe3 {[%clk 00:00:35]} {[%emt 00:00:42]} Qd7 {[%clk 00:01:22]}
{[%emt 00:03:26]} 41. Rd1 {[%clk 00:20:26]} {[%emt 00:10:38]} Qf5 {[%clk
00:26:29]} {[%emt 00:05:23]} 42. Rxd6 {[%clk 00:16:01]} {[%emt 00:04:55]} Nxh3+
{[%clk 00:23:30]} {[%emt 00:03:29]} 43. Kg2 {[%clk 00:13:38]} {[%emt 00:02:53]}
Nf4+ {[%clk 00:22:03]} {[%emt 00:01:58]} 0-1

[Event "European Chess Club Cup 2023"]
[Site "Durres, Albania"]
[Date "2023.10.05"]
[Round "5.62"]
[White "Zanan, Evgeny"]
[Black "Wadsworth, Matthew J"]
[Result "1/2-1/2"]
[TimeControl "90' + 30' & 30\""]
[WhiteElo "2465"]
[BlackElo "2446"]

1. d4 {[%clk 01:30:55]} {[%emt 00:00:04]} d5 {[%clk 01:30:43]} {[%emt
00:00:17]} 2. c4 {[%clk 01:31:19]} {[%emt 00:00:06]} c6 {[%clk 01:31:00]}
{[%emt 00:00:13]} 3. Nf3 {[%clk 01:31:43]} {[%emt 00:00:07]} Nf6 {[%clk
01:31:16]} {[%emt 00:00:14]} 4. e3 {[%clk 01:32:07]} {[%emt 00:00:06]} Bf5
{[%clk 01:31:26]} {[%emt 00:00:19]} 5. Nc3 {[%clk 01:32:24]} {[%emt 00:00:14]}
e6 {[%clk 01:31:41]} {[%emt 00:00:14]} 6. Nh4 {[%clk 01:32:36]} {[%emt
00:00:18]} Be4 {[%clk 01:32:02]} {[%emt 00:00:10]} 7. f3 {[%clk 01:32:07]}
{[%emt 00:00:59]} Bg6 {[%clk 01:32:25]} {[%emt 00:00:07]} 8. Qb3 {[%clk
01:27:58]} {[%emt 00:04:39]} Qb6 {[%clk 01:32:39]} {[%emt 00:00:15]} 9. c5
{[%clk 01:25:42]} {[%emt 00:02:47]} Qc7 {[%clk 01:20:13]} {[%emt 00:12:56]} 10.
g3 {[%clk 01:23:55]} {[%emt 00:02:17]} Nbd7 {[%clk 01:18:07]} {[%emt 00:02:36]}
11. Bd2 {[%clk 00:59:30]} {[%emt 00:24:55]} Be7 {[%clk 01:15:36]} {[%emt
00:02:59]} 12. Nxg6 {[%clk 00:50:17]} {[%emt 00:09:44]} hxg6 {[%clk 01:15:59]}
{[%emt 00:00:07]} 13. f4 {[%clk 00:50:04]} {[%emt 00:00:44]} Nh5 {[%clk
01:01:30]} {[%emt 00:14:59]} 14. Bg2 {[%clk 00:47:25]} {[%emt 00:03:09]} f5
{[%clk 00:59:13]} {[%emt 00:02:47]} 15. Qc2 {[%clk 00:45:17]} {[%emt 00:02:37]}
Ndf6 {[%clk 00:53:19]} {[%emt 00:06:24]} 16. Bf3 {[%clk 00:35:51]} {[%emt
00:09:56]} Ne4 {[%clk 00:46:43]} {[%emt 00:07:07]} 17. g4 {[%clk 00:25:01]}
{[%emt 00:11:20]} Bh4+ {[%clk 00:43:06]} {[%emt 00:04:06]} 18. Ke2 {[%clk
00:22:46]} {[%emt 00:02:45]} Nhf6 {[%clk 00:43:04]} {[%emt 00:00:33]} 19. g5
{[%clk 00:17:40]} {[%emt 00:05:35]} Bxg5 {[%clk 00:41:49]} {[%emt 00:01:46]} 20.
Bxe4 {[%clk 00:15:55]} {[%emt 00:02:16]} fxe4 {[%clk 00:36:57]} {[%emt
00:05:21]} 21. Rag1 {[%clk 00:13:20]} {[%emt 00:03:04]} Bh4 {[%clk 00:34:49]}
{[%emt 00:02:38]} 22. Rxg6 {[%clk 00:08:48]} {[%emt 00:05:02]} Qf7 {[%clk
00:32:52]} {[%emt 00:02:28]} 23. Rhg1 {[%clk 00:09:10]} {[%emt 00:00:08]} Rh6
{[%clk 00:33:15]} {[%emt 00:00:07]} 24. Rxh6 {[%clk 00:09:26]} {[%emt
00:00:13]} gxh6 {[%clk 00:33:37]} {[%emt 00:00:08]} 25. Qd1 {[%clk 00:08:21]}
{[%emt 00:01:36]} O-O-O {[%clk 00:30:41]} {[%emt 00:03:25]} 26. Be1 {[%clk
00:06:58]} {[%emt 00:01:53]} Bxe1 {[%clk 00:17:16]} {[%emt 00:13:54]} 27. Kxe1
{[%clk 00:06:30]} {[%emt 00:00:59]} Rg8 {[%clk 00:16:57]} {[%emt 00:00:50]} 28.
Kd2 {[%clk 00:06:23]} {[%emt 00:00:36]} Rg6 {[%clk 00:15:15]} {[%emt 00:02:12]}
29. h3 {[%clk 00:05:31]} {[%emt 00:01:22]} Qg7 {[%clk 00:13:32]} {[%emt
00:02:13]} 30. Ne2 {[%clk 00:05:52]} {[%emt 00:00:09]} Nh5 {[%clk 00:13:05]}
{[%emt 00:00:57]} 31. Rxg6 {[%clk 00:05:02]} Qxg6 {[%clk 00:13:33]} {[%emt
00:01:23]} 32. Qe1 {[%clk 00:05:23]} {[%emt 00:00:08]} Kd7 {[%clk 00:09:59]}
{[%emt 00:04:05]} 33. Qh4 {[%clk 00:05:24]} {[%emt 00:00:29]} Ke8 {[%clk
00:08:47]} {[%emt 00:01:42]} 34. Ke1 {[%clk 00:03:59]} {[%emt 00:01:54]} Ng7
{[%emt 00:02:56]} 35. Ng3 {[%clk 00:03:03]} Nf5 {[%clk 00:07:06]} {[%emt
00:01:12]} 36. Nxf5 {[%clk 00:03:22]} {[%emt 00:00:10]} Qg1+ {[%clk 00:06:53]}
{[%emt 00:00:43]} 37. Ke2 {[%clk 00:02:25]} {[%emt 00:01:27]} exf5 {[%clk
00:07:18]} {[%emt 00:00:05]} 38. Qxh6 {[%clk 00:00:49]} {[%emt 00:02:06]} Qg2+
{[%clk 00:07:42]} {[%emt 00:00:06]} 39. Ke1 {[%clk 00:01:00]} {[%emt 00:00:19]}
Qg1+ {[%clk 00:07:39]} {[%emt 00:00:34]} 40. Ke2 {[%clk 00:01:25]} {[%emt
00:00:05]} Qg2+ {[%clk 00:08:00]} {[%emt 00:00:09]} 41. Ke1 {[%clk 00:01:11]}
{[%emt 00:00:43]} Qg3+ {[%clk 00:04:50]} {[%emt 00:03:40]} 42. Kf1 {[%clk
00:11:51]} {[%emt 00:19:50]} Qf3+ {[%clk 00:35:14]} {[%emt 00:00:06]} 43. Kg1
{[%clk 00:12:16]} {[%emt 00:00:05]} Qxe3+ {[%clk 00:35:39]} {[%emt 00:00:05]}
44. Kh2 {[%clk 00:12:02]} {[%emt 00:00:45]} Qd2+ {[%clk 00:33:42]} {[%emt
00:02:27]} 45. Kg3 {[%clk 00:11:33]} {[%emt 00:00:58]} Qe1+ {[%clk 00:34:06]}
{[%emt 00:00:06]} 46. Kh2 {[%clk 00:10:37]} {[%emt 00:01:26]} Qd2+ {[%clk
00:34:29]} {[%emt 00:00:08]} 1/2-1/2